| 000 | 00770cab a2200253 4500 | ||
|---|---|---|---|
| 001 | WB2938-31 | ||
| 008 | 090401t1993 xxu||||| |||| 00| 0 eng d | ||
| 035 | _a(Sirsi) u48101 | ||
| 041 | _aeng | ||
| 245 | _aNational forest seeds are sown | ||
| 260 | _c1993 | ||
| 350 | _a0 | ||
| 490 |
_aDaily Telegraph _v11 October 1993, 20 |
||
| 490 |
_aTimes _v13 October 1993, 22 |
||
| 490 |
_aFinancial Times _v13 Ocbober 1993, 12(2) |
||
| 520 | _aA ten-year scheme of planting within the newly defined Midlands national forest is to start in 1994 with government aid of up to £4m. | ||
| 650 | _aFORESTS | ||
| 650 | _aMIDLANDS | ||
| 650 | _aNATIONAL FORESTS | ||
| 690 | _aPLANNING LAW AND PRACTICE | ||
| 690 | _aRURAL PRACTICE | ||
| 942 | _n0 | ||
| 948 | _c04/03/1997 | ||
| 999 |
_c30226 _d30226 |
||